Rozhodovanie v kontexte kognície, osobnosti a emócií IV. súčasné trendy v rozhodovaní

Enregistré dans:
Détails bibliographiques
Autres auteurs: Ballová Mikušková, Eva, Čavojová, Vladimíra, Hanák, Róbert, 1979-, Jurišová, Erika
Format: Livre
Langue:slovaque
Publié: Bratislava Ústav experimentálnej psychológie SAV 2014
Édition:1. vyd.
Sujets:
Tags: Ajouter un tag
Pas de tags, Soyez le premier à ajouter un tag!

MARC

LEADER 00000nam a2200000 4500
001 0194206
005 20240219101121.8
020 |a 978-80-88910-49-7 
041 0 |a slo 
044 |a SK 
245 1 0 |a Rozhodovanie v kontexte kognície, osobnosti a emócií IV.  |b súčasné trendy v rozhodovaní  |c Eva Ballová Mikušková, Vladimíra Čavojová (Eds.) ; recenzenti: Róbert Hanák ... [et al.] 
250 |a 1. vyd. 
264 1 |a Bratislava  |b Ústav experimentálnej psychológie SAV  |c 2014 
300 |a 215 s. 
610 2 0 |a rozhodovanie 
610 2 0 |a rozhodovanie za rizika 
610 2 0 |a osobnosť 
610 2 0 |a emócie 
610 2 0 |a kariéra 
700 1 |a Ballová Mikušková, Eva 
700 1 |a Čavojová, Vladimíra 
700 1 |a Hanák, Róbert, 1979- 
700 1 |a Jurišová, Erika